000 00697nam a2200217Ii 4500
003 JO-AjNU
008 230605s9999||||xx |||||||||||||| ||und||
017 _a2008/20401
020 _a977-422-81-9
040 _aJO-AjNU
_bara
_erda
_cJO-AjNU
041 _aara
050 1 4 _aHF 5686 .C8.A23 2009
100 3 _aعبد اللطيف، ناصر نور الدين,
_eauthor
_928732
245 0 0 _aمبادىء محاسبة التكاليف
264 3 1 _aالاسكندرية: الدار الجامعية، 2009
300 _a396ص
336 _atext
_btxt
_2rdacontent
337 _aunmediated
_bn
_2rdamedia
338 _avolume
_bnc
_2rdacarrier
650 4 _aمحاسبة التكاليف
_928733
999 _aA11180
_c14748
_d14748